| Tag |
First Indicator |
Second Indicator |
Subfields |
| LEADER |
00000cam a2200000 4500 |
| 001 |
in00003880607 |
| 005 |
20190415192411.0 |
| 006 |
m o d |
| 007 |
cr |n||||||||n |
| 008 |
810827s1778 xxu|||| o o00| | eng c |
| 035 |
|
|
|a (CU-RivES)W12958
|
| 035 |
|
|
|a (Uk-ES)006430480
|
| 035 |
|
|
|a (OCoLC)510988167
|
| 040 |
|
|
|a MWA
|c MWA
|d CU-RivES
|d CStRLIN
|d Cengage Gale
|d UtOrBLW
|
| 050 |
|
4 |
|a Z1215
|b .U558 1778
|
| 110 |
1 |
|
|a United States.
|b Continental Congress.
|
| 240 |
1 |
0 |
|a Resolves. 1778-11-24
|
| 245 |
1 |
0 |
|a In Congress. November 24, 1778 :
|b Congress took into consideration the report of the committee of arrangement, and thereupon came to the following resolutions. ...
|
| 264 |
|
3 |
|a [Philadelphia] :
|b [Printed by John Dunlap],
|c [1778]
|
| 300 |
|
|
|a 1 online resource (1 sheet)
|
| 336 |
|
|
|a text
|b txt
|2 rdacontent
|
| 337 |
|
|
|a computer
|b c
|2 rdamedia
|
| 338 |
|
|
|a online resource
|b cr
|2 rdacarrier
|
| 500 |
|
|
|a Rules for establishing rank and determining promotions in the Continental Army.
|
| 500 |
|
|
|a Imprint supplied by Evans.
|
| 500 |
|
|
|a Printed area measures 35.4 x 19.1 cm.
|
| 510 |
4 |
|
|a Evans,
|c 16136
|
| 510 |
4 |
|
|a English Short Title Catalog,
|c W12958.
|
| 500 |
|
|
|a Reproduction of original from Boston Public Library.
|
| 500 |
|
|
|a Electronic resource.
|
| 610 |
1 |
0 |
|a United States.
|b Continental Army
|x Promotions.
|
| 655 |
|
7 |
|a Electronic books.
|2 local
|
| 655 |
|
7 |
|a Broadsides.
|2 rbgenr
|
| 700 |
1 |
|
|a Dunlap, John,
|d 1747-1812,
|e printer.
|0 http://id.loc.gov/authorities/names/n86053374
|
| 710 |
2 |
|
|a Gale (Firm)
|0 http://id.loc.gov/authorities/names/no2008071348
|
| 752 |
|
|
|a United States
|b Pennsylvania
|d Philadelphia.
|
| 856 |
4 |
0 |
|u http://proxy.library.tamu.edu/login?url=http://find.galegroup.com/ecco/infomark.do?contentSet=ECCOArticles&docType=ECCOArticles&bookId=1548500200&type=getFullCitation&tabID=T001&prodId=ECCO&docLevel=TEXT_GRAPHICS&version=1.0&source=library&userGroupName=txshracd2898
|z Connect to the full text of this electronic book
|t 0
|
| 999 |
f |
f |
|s d50eef20-5fc2-3065-a144-a1178f1eeb5b
|i 9064da9e-d4d3-3ea4-a353-f01c41c362b8
|t 0
|
| 952 |
f |
f |
|a Texas A&M University
|b College Station
|c Electronic Resources
|d Available Online
|t 0
|e Z1215 .U558 1778
|h Library of Congress classification
|
| 998 |
f |
f |
|a Z1215 .U558 1778
|t 0
|l Available Online
|